LEADER 05119nam 22008655 450 001 9910478890503321 005 20210716005446.0 010 $a0-8232-8153-1 010 $a0-8232-8032-2 010 $a0-8232-8033-0 024 7 $a10.1515/9780823280339 035 $a(CKB)4100000004838032 035 $a(OCoLC)1038068426 035 $a(MdBmJHUP)muse69080 035 $a(MiAaPQ)EBC5402069 035 $a(StDuBDS)EDZ0001974545 035 $a(DE-B1597)555057 035 $a(DE-B1597)9780823280339 035 $a(OCoLC)1038059084 035 $a(EXLCZ)994100000004838032 100 $a20200723h20182018 fg 0 101 0 $aeng 135 $aur|||||||nn|n 181 $ctxt$2rdacontent 182 $cc$2rdamedia 183 $acr$2rdacarrier 200 10$aReified Life $eSpeculative Capital and the Ahuman Condition /$fJ. Paul Narkunas 205 $aFirst edition. 210 1$aNew York, NY :$cFordham University Press,$d[2018] 210 4$dİ2018 215 $a1 online resource 225 1 $aFordham scholarship online 300 $aThis edition previously issued in print: 2018. 311 0 $a0-8232-8030-6 320 $aIncludes bibliographical references and index. 327 $tFront matter --$tcontents --$tacknowledgments --$tintroduction. Humanisms, Posthumanisms, and Their Discontents --$tchapter 1. Market Humans --$tchapter 2. Utilitarian Humanism ?We Other Humans? Regulated by Culture --$tchapter 3. The Hedge Fund of Reality --$tchapter 4. Human Rights and States of Emergency --$tchapter 5. Translating Rights --$tchapter 6. Speculative Fictions and Other Cartographies of Life --$tchapter 7. Between Words, Numbers, and Things Transgenics and Other Objects of Life in Margaret Atwood?s MaddAddam Trilogy --$tchapter 8. Reification of the Human --$tconclusion. Ahumans: A Guide to Nonmarket Living --$tNotes --$tIndex 330 $aReified Life addresses the most pressing political question of the 21st century: what forms of life are free and what forms are perceived legally and economically as surplus or expendable, human and otherwise. The 2008 economic crisis solidified the dominion of neoliberal and financial capital to organize human societies much to the detriment of the world?s populations. Reified Life theorizes the dangerous social implications of a posthuman future, whereby human agency is secondary to algorithmic processes, digital protocols, speculative financial instruments, and nonhuman market and technological forces. Employing new readings of Deleuze, Guattari, Foucault, Marx, Vico, Gramsci, Berardi, and Gilbert Simondon, Narkunas contends that it is premature to speak of a posthuman or inhuman future, or employ an ?ism, given how dynamic and contingent human practices and their material figurations can be. Over several chapters he diagnoses the rise of ?market humans,? the instrumentalization of culture to decide the life worth living along utilitarian categories, and the varied ways human rights and humanitarianism actually throw members of the species like refugees outside the human order. To combat this, Reified Life argues against Reified Life calls to abandon the human and humanism, and instead proposes the ahuman to think alongside the human, what philosopher Gilbert Simondon calls the transindividuation of ontogentic processes rather than subjectivity. To aid the ?figurating animal,? Reified Life elaborates speculative fictions as critical mechanisms for envisioning alternative futures and freedoms from the domineering forces of speculative capital, whose fictions have become our realities. Narkunas offers, to that end, a novel interpretation of the post-anthropocentric turn in the humanities by linking the diminished centrality of humanism to the waning dominion of nation-states over their populations and the intensification of financial capitalism, which reconfigures politics along economic categories of risk management. 410 0$aFordham scholarship online. 606 $aStructuralism 606 $aPoststructuralism 606 $aForecasting 606 $aHumanism 606 $aHuman beings 606 $aLife 608 $aElectronic books. 610 $aBioengineering. 610 $aDeleuze. 610 $aFinancial Capitalism. 610 $aFoucault. 610 $aGuattari. 610 $aHuman Rights. 610 $aHuman. 610 $aHumanitarianism. 610 $aMarket Human. 610 $aNeoliberalism. 610 $aOrgan Transplantation. 610 $aPosthuman. 610 $aReification. 610 $aSimondon. 610 $aSpeculative Literature. 610 $aTranslation. 615 0$aStructuralism. 615 0$aPoststructuralism. 615 0$aForecasting. 615 0$aHumanism. 615 0$aHuman beings. 615 0$aLife. 676 $a128 700 $aNarkunas$b J. Paul$4aut$4http://id.loc.gov/vocabulary/relators/aut$0768827 801 0$bDE-B1597 801 1$bDE-B1597 906 $aBOOK 912 $a9910478890503321 996 $aReified life$91566760 997 $aUNINA LEADER 02061oam 2200565M 450 001 9910716276603321 005 20200213071025.8 035 $a(CKB)5470000002519357 035 $a(OCoLC)1065742252 035 $a(OCoLC)995470000002519357 035 $a(EXLCZ)995470000002519357 100 $a20071213d1926 ua 0 101 0 $aeng 135 $aurcn||||||||| 181 $ctxt$2rdacontent 182 $cc$2rdamedia 183 $acr$2rdacarrier 200 10$aAddison B. McKinley. March 22, 1926. -- Committed to the Committee of the Whole House and ordered to be printed 210 1$a[Washington, D.C.] :$c[U.S. Government Printing Office],$d1926. 215 $a1 online resource (3 pages) 225 1 $aHouse report / 69th Congress, 1st session. House ;$vno. 605 225 1 $a[United States congressional serial set ] ;$v[serial no. 8536] 300 $aPage 3 is paginated as page 7 in error. It is page 3. 300 $aMinority views of Mr. Box follow p. 2. 300 $aBatch processed record: Metadata reviewed, not verified. Some fields updated by batch processes. 300 $aFDLP item number not assigned. 606 $aAircraft accidents 606 $aAeronautics$xSafety measures 606 $aClaims 606 $aMalicious mischief 606 $aVandalism 606 $aLegislative amendments 608 $aLegislative materials.$2lcgft 615 0$aAircraft accidents. 615 0$aAeronautics$xSafety measures. 615 0$aClaims. 615 0$aMalicious mischief. 615 0$aVandalism. 615 0$aLegislative amendments. 701 $aAppleby$b Stewart Hoffman$f1890-1964$pRepublican (NJ)$01386847 701 $aBox$b John C$g(John Calvin),$f1871-1941$pDemocrat (TX)$01392478 801 0$bWYU 801 1$bWYU 801 2$bOCLCO 801 2$bOCLCQ 801 2$bOCLCO 906 $aBOOK 912 $a9910716276603321 996 $aAddison B. McKinley. March 22, 1926. -- Committed to the Committee of the Whole House and ordered to be printed$93463165 997 $aUNINA